The implication of the imaginary and societies /
保存先:
| 第一著者: | |
|---|---|
| フォーマット: | テキスト |
| タグ: |
タグ追加
タグなし, このレコードへの初めてのタグを付けませんか!
|
MARC
| LEADER | 00000 a a2200000 04500 | ||
|---|---|---|---|
| 001 | 48519 | ||
| 003 | |||
| 040 | |||
| 100 | |a Durand, Gilbert | ||
| 245 | |a The implication of the imaginary and societies / |c Gilbert Durand | ||
| 773 | |g volumen 41, número 2, (1993), páginas 17-32 | ||
| 999 | |c 23570 |d 23570 | ||
